| 000 | 00833nam a2200205Ia 4500 | ||
|---|---|---|---|
| 005 | 20251020182615.0 | ||
| 008 | 200515s9999 xx 000 0 und d | ||
| 082 | _aSC/693.1:58/I59 | ||
| 110 | _aIninvi | ||
| 245 | 0 | _aComportamiento Estructural de muros de albañilería de arcilla cocida tipo PREVI | |
| 260 | _aLima | ||
| 260 | _cs.a. | ||
| 300 | _a167 | ||
| 500 | _a mejorar la calidad en el aspecto de diseño y construcción, y por otra parte reducir el costo de una vivienda | ||
| 520 | _aPropiedades mecánicas del ladrillo modulado de arcilla previ y de los muros y otros componentes con el construidos, con el fin de mejorar su diseño y construcción y así mismo lograr una vivienda adecuada al alcance de las mayorías, en suma | ||
| 650 | _aARCILLA | ||
| 650 | _aBLOQUES | ||
| 650 | _aLADRILLOS | ||
| 942 | _cLIB | ||
| 999 |
_c3484 _d3484 |
||